| 000 | 00342nam a22001577a 4500 | ||
|---|---|---|---|
| 003 | SGT | ||
| 082 |
_a611 _bT11S |
||
| 100 | _aSINGH, INDERBIR | ||
| 245 | _aTEXT BOOK OF HUMAN OSTEOLOGY | ||
| 250 | _a3RD | ||
| 260 |
_aDELHI _bJAPEE BROTHER _c2011 |
||
| 300 | _a342 | ||
| 650 | _aOSTEOLOGY | ||
| 653 | _aHUMAN OSTEOLOGY | ||
| 942 |
_2ddc _cBK _013 |
||
| 999 |
_c8283 _d8283 |
||